000 00954 aa a2200229 4500
005 20120519150229.0
010 _a
020 _c350.00
_a
035 _aB-117900
037 _bpub
082 _a423
100 _a
_947511
245 _aलोकभारती बृहत् प्रामाणिक हिन्दी कोश /
_cरामचन्द्र वर्मा द्वारा संपादित
_b
246 _a
_b
260 _aइलाहाबाद
_bलोकभारती प्रकाशन
_c2005
270 _a
_bनई दिल्ली
_e
_k
300 _a1088पृ
_c22 सेमी (सजिल्द)
650 _aहिन्दी उपन्यास
_947512
650 _aHindi Novel
_947513
942 _adpl
_cHN
_k
_2ddc
_h423
_mलोकभा
999 _c66927
_d66927